[Event "Barcelona Tres Peons-E 47th"]
[Site "Barcelona"]
[Date "2018.06.01"]
[Round "6.1"]
[White "Orriols Codina, Joan"]
[Black "Asensio Sanchez, Daniel"]
[Result "0-1"]
[WhiteElo "1695"]
[BlackElo "1725"]
[PlyCount "26"]
[EventDate "2018.04.27"]
[EventType "tourn"]
[EventRounds "9"]
[EventCountry "ESP"]
[SourceTitle "EXT 2024"]
[Source "ChessBase"]
[SourceDate "2023.10.10"]
[SourceVersion "1"]
[SourceVersionDate "2023.10.10"]
[SourceQuality "1"]

1. e4 e5 2. f4 exf4 3. Nf3 Be7 4. Bc4 Bh4+ 5. Kf1 d6 6. d3 Bg4 7. Bxf4 Qf6 8. Qc1 Bxf3 9. gxf3 g5 10. Be3 Qxf3+ 11. Kg1 Nf6 12. Bd4 g4 13. Nd2 Qg3+ 0-1

[Event "Barcelona Tres Peons 47th"]
[Site "Barcelona"]
[Date "2018.01.12"]
[Round "1.2"]
[White "Asensio Sanchez, Daniel"]
[Black "Vargas Drechsler, Carlos"]
[Result "0-1"]
[WhiteElo "1725"]
[BlackElo "2130"]
[PlyCount "26"]
[EventDate "2018.01.12"]
[EventType "swiss"]
[EventRounds "8"]
[EventCountry "ESP"]
[SourceTitle "EXT 2024"]
[Source "ChessBase"]
[SourceDate "2023.10.10"]
[SourceVersion "1"]
[SourceVersionDate "2023.10.10"]
[SourceQuality "1"]

1. e4 c6 2. d4 d5 3. Bd3 dxe4 4. Bxe4 Nf6 5. Nc3 Nxe4 6. Nxe4 Bf5 7. Ng3 Bg6 8. Nf3 Nd7 9. Nh4 e6 10. Nxg6 hxg6 11. Ne4 Nf6 12. Bg5 Be7 13. c3 Nxe4 0-1

[Event "Barcelona Tres Peons-E 46th"]
[Site "Barcelona"]
[Date "2017.05.26"]
[Round "6.3"]
[White "Iglesias Lopez, Albert"]
[Black "Asensio Sanchez, Daniel"]
[Result "1/2-1/2"]
[WhiteElo "1741"]
[BlackElo "1734"]
[PlyCount "61"]
[EventDate "2017.04.21"]
[EventType "swiss"]
[EventRounds "9"]
[EventCountry "ESP"]
[SourceTitle "EXT 2024"]
[Source "ChessBase"]
[SourceDate "2023.10.10"]
[SourceVersion "1"]
[SourceVersionDate "2023.10.10"]
[SourceQuality "1"]

1. e4 e5 2. Nf3 Nc6 3. Bc4 Bc5 4. b4 Nxb4 5. c3 Nc6 6. d4 exd4 7. 0-0 dxc3 8. Bxf7+ Kxf7 9. Qd5+ Ke8 10. Qxc5 d6 11. Qxc3 Qf6 12. e5 dxe5 13. Bb2 e4 14. Qd2 Qh6 15. Qe2 Nf6 16. Nbd2 Kf7 17. Nxe4 Nxe4 18. Qxe4 Re8 19. Qd5+ Kf8 20. Rae1 Be6 21. Qb5 Rab8 22. Re3 a6 23. Qc5+ Kg8 24. Ng5 Bf7 25. Nxf7 Kxf7 26. Qd5+ Re6 27. Qf5+ Rf6 28. Qd7+ Kg8 29. Bxf6 Qxf6 30. Rfe1 Rf8 31. Rf3 1/2-1/2

[Event "Barcelona Tres Peons-E 46th"]
[Site "Barcelona"]
[Date "2017.05.05"]
[Round "3.4"]
[White "Asensio Sanchez, Daniel"]
[Black "Clifford, Neil"]
[Result "0-1"]
[WhiteElo "1734"]
[BlackElo "1796"]
[PlyCount "38"]
[EventDate "2017.04.21"]
[EventType "swiss"]
[EventRounds "9"]
[EventCountry "ESP"]
[SourceTitle "EXT 2024"]
[Source "ChessBase"]
[SourceDate "2023.10.10"]
[SourceVersion "1"]
[SourceVersionDate "2023.10.10"]
[SourceQuality "1"]

1. e4 e5 2. Bc4 Nf6 3. Nc3 Nxe4 4. Bxf7+ Kxf7 5. Nxe4 d5 6. Nc3 c6 7. Qh5+ g6 8. Qxe5 Bg7 9. Qf4+ Bf6 10. Nge2 Re8 11. 0-0 Kg8 12. d4 Bf5 13. Qd2 Na6 14. Nd1 Nc7 15. Ne3 Be7 16. c3 Ne6 17. f4 Ng7 18. Ng3 Bh4 19. Rf3 Rf8 0-1

[Event "Barcelona Vila de Gracia op 6th"]
[Site "Barcelona"]
[Date "2012.09.28"]
[Round "1"]
[White "Gallart Zafra, Jaume"]
[Black "Asensio Sanchez, Daniel"]
[Result "1-0"]
[WhiteElo "2226"]
[BlackElo "1820"]
[PlyCount "27"]
[EventDate "2012.09.28"]
[EventType "swiss"]
[EventRounds "9"]
[EventCountry "ESP"]
[SourceTitle "EXT 2015"]
[Source "ChessBase"]
[SourceDate "2014.11.20"]
[SourceVersion "1"]
[SourceVersionDate "2014.11.20"]
[SourceQuality "1"]

1. e4 e5 2. f4 exf4 3. Bc4 Be7 4. Nf3 Bh4+ 5. g3 fxg3 6. 0-0 gxh2+ 7. Kh1 Nh6 8. d3 Qf6 9. Ng5 Qg6 10. Nxf7 Rf8 11. Bxh6 gxh6 12. Nc3 c6 13. e5 b5 14. Nd6+ 1-0

[Event "Barcelona La Lira op 30th"]
[Site "Barcelona"]
[Date "2012.01.20"]
[Round "1"]
[White "Peiron Lluch, Jose Daniel"]
[Black "Asensio Sanchez, Daniel"]
[Result "1-0"]
[WhiteElo "2000"]
[BlackElo "1819"]
[PlyCount "64"]
[EventDate "2012.01.20"]
[EventType "swiss"]
[EventRounds "8"]
[EventCountry "ESP"]
[SourceTitle "EXT 2013"]
[Source "ChessBase"]
[SourceDate "2012.11.22"]
[SourceVersion "1"]
[SourceVersionDate "2012.11.22"]
[SourceQuality "1"]

1. e4 e5 2. Nf3 Nc6 3. d4 exd4 4. Nxd4 Bc5 5. Nxc6 bxc6 6. Bd3 Ne7 7. Nc3 Ng6 8. Qf3 Ne5 9. Qg3 Qf6 10. Be2 Rb8 11. 0-0 0-0 12. Kh1 Ng6 13. f4 d6 14. f5 Nh8 15. Bg5 Qe5 16. Bf4 Qf6 17. e5 dxe5 18. Bxe5 Bd6 19. Bxf6 Bxg3 20. Bxg7 Kxg7 21. hxg3 Rxb2 22. Bd3 f6 23. Rae1 Rb6 24. Rf4 Ba6 25. Na4 Bxd3 26. Nxb6 Bxc2 27. Nd7 Rd8 28. Re7+ Kh6 29. Nxf6 Bxf5 30. Rxf5 Kg6 31. Rf4 Kg5 32. Nxh7+ Kh6 1-0